[Event "Challenge"]
[Site "http://www.queenalice.com/game.php?id=292528"]
[Date "2007.10.24"]
[Round "-"]
[White "littleboo"]
[Black "jimwilson"]
[Result "0-1"]
[WhiteElo "2051"]
[BlackElo "2053"]

1. e4 c6 2. Nf3 d5 3. Nc3 dxe4 4. Nxe4 Nf6 5. d3 Nxe4 6. dxe4 Qxd1+ 7. Kxd1 Nd7
8. Bf4 Nc5 9. Nd2 f6 10. Be3 e5 11. Bc4 Bd7 12. c3 b6 13. Kc2 O-O-O 14. b4 Ne6
15. a4 Kb7 16. Nb3 Nc7 17. Rhd1 Be7 18. a5 b5 19. Be2 Na6 20. f4 exf4 21. Bxf4
Bc8 22. Nd4 Rhe8 23. Bf3 g5 24. Bg3 g4 25. Be2 h5 26. Nb3 f5 27. e5 Rxd1 28.
Rxd1 h4 29. Bf4 Nc7 30. Kb2 Nd5 31. Bh6 Bf8 32. Bxf8 Rxf8 33. Bxb5 Ne3 34. Nc5+
Kc7 35. Rd3 Nxg2 36. Ba6 Re8 37. Bxc8 Kxc8 38. e6 Nf4 39. Re3 Nd5 40. Re5 f4 41.
Rf5 f3 42. Rf7 h3 43. c4 Nc7 44. e7 g3 45. Rxf3 g2 46. Rg3 Rxe7 47. Nd3 Re3 48.
Rg8+ Re8 49. Rg6 Rf8 50. Ne5 Rf1 51. Nxc6 g1=Q 52. Rxg1 Rxg1 53. Nxa7+ Kb7 54.
Nb5 Nxb5 55. cxb5 Rg2+ 56. Kc3 Rxh2 57. Kd3 Rg2 58. Kd4 Rg5 59. a6+ Kb6 60. a7
Kxa7 61. Ke4 Kb6 62. Kf4 Rg8 0-1

[Event "Drac - Canada"]
[Site "http://www.queenalice.com/game.php?id=295710"]
[Date "2007.10.31"]
[Round "-"]
[White "hartlaub"]
[Black "jimwilson"]
[Result "0-1"]
[WhiteElo "1916"]
[BlackElo "2040"]

1. d4 Nf6 2. Nc3 d5 3. e4 Nxe4 4. Nxe4 dxe4 5. Bc4 Nc6 6. c3 e5 7. d5 Ne7 8.
Qa4+ Qd7 9. Bb5 c6 10. dxc6 bxc6 11. Qxe4 Bb7 12. Ba4 O-O-O 13. Nf3 f6 14. O-O
Ba6 15. Re1 Bd3 16. Qe3 Nf5 17. Qd2 Bc5 18. Bc2 Rhe8 19. Bxd3 Qxd3 20. Qxd3 Rxd3
21. Nd2 Red8 22. Nb3 Bb6 23. g4 Nh4 24. Kf1 Nf3 25. Re2 Nxh2+ 26. Kg2 Nxg4 27.
f3 Ne3+ 28. Bxe3 Bxe3 29. Rae1 Bb6 30. Re4 h5 31. Rh1 Rh8 32. Reh4 g6 33. Rc4
Kc7 34. Re4 Rhd8 35. Re2 a5 36. a4 c5 37. Re4 Kc6 38. Rhe1 c4 39. Rxc4+ Kd5 40.
Rce4 g5 41. R4e2 Kc4 42. Nc1 Rd2 43. Kf1 h4 44. Rxd2 Rxd2 45. Re2 Rd1+ 46. Re1
Rxe1+ 47. Kxe1 Be3 48. Ne2 Kb3 0-1

[Event "Drac - Canada"]
[Site "http://www.queenalice.com/game.php?id=295711"]
[Date "2007.10.31"]
[Round "-"]
[White "jimwilson"]
[Black "hartlaub"]
[Result "1-0"]
[WhiteElo "2027"]
[BlackElo "1942"]

1. d4 e5 2. dxe5 d6 3. Nf3 Nc6 4. exd6 Bxd6 5. Nc3 Qe7 6. Nb5 Bc5 7. Bg5 Nf6 8.
Bxf6 gxf6 9. e3 Bg4 10. Be2 Rd8 11. Nd2 Bf5 12. O-O a6 13. Nc3 Bxe3 14. Bd3 Bxd2
15. Qxd2 Be6 16. Rfe1 O-O 17. Qh6 Rxd3 18. cxd3 Ne5 19. d4 Ng4 20. Qf4 Qd6 21.
Qxd6 cxd6 22. h3 Nh6 23. g4 d5 24. f4 Rd8 25. Na4 Kf8 26. Nc5 Bc8 27. Rac1 Ng8
28. Rc3 Ne7 29. Rec1 h6 30. Na4 f5 31. Nb6 Be6 32. Rc7 fxg4 33. hxg4 Bxg4 34.
Rxb7 Nf5 35. Rcc7 Nd6 36. Ra7 Be6 37. Nd7+ Kg8 38. Nc5 Bf5 39. Rxa6 Nb5 40. Rcc6
Nxd4 41. Rxh6 Kg7 42. Rhd6 Rxd6 43. Rxd6 Ne2+ 44. Kf2 Nxf4 45. a4 Nd3+ 46. Nxd3
Bxd3 47. Rxd5 Bc4 48. Rd6 1-0

[Event "Challenge"]
[Site "http://www.queenalice.com/game.php?id=298242"]
[Date "2007.11.4"]
[Round "-"]
[White "jnable"]
[Black "jimwilson"]
[Result "0-1"]
[WhiteElo "2007"]
[BlackElo "2070"]

1. e4 c6 2. d4 d5 3. Nd2 dxe4 4. Nxe4 Nf6 5. Ng5 Bf5 6. Bc4 e6 7. N1f3 h6 8. Nh3
Bxh3 9. gxh3 Bd6 10. Bd2 Qb6 11. Rg1 g5 12. Bb3 Qc7 13. Qe2 Nbd7 14. h4 g4 15.
Ne5 Nxe5 16. dxe5 Bxe5 17. O-O-O O-O-O 18. f3 gxf3 19. Qxf3 Rxd2 20. Kxd2 Bxb2
21. c3 Nd5 22. Bxd5 cxd5 23. Kc2 Ba3 24. Rd2 Kb8 25. Qg3 Bd6 26. Qf2 Bc5 27. Qf6
Rc8 28. Rg7 Be7 29. Qf3 Qc4 30. Rxf7 Bb4 31. Qf4+ Qxf4 32. Rxf4 Bxc3 33. Rdf2
Be1+ 34. Kd3 Bxf2 35. Rxf2 Rc4 36. Rf6 Rxh4 37. Rxe6 Rxh2 38. a4 Ra2 39. Rxh6
Rxa4 40. Rh5 Ra1 41. Kc3 Ra5 42. Kb4 b6 43. Rh7 Rc5 44. Rd7 a5+ 45. Ka4 Rc4+ 46.
Kb3 Rb4+ 47. Kc3 d4+ 48. Kd3 a4 0-1

[Event "Challenge"]
[Site "http://www.queenalice.com/game.php?id=298243"]
[Date "2007.11.4"]
[Round "-"]
[White "jimwilson"]
[Black "jnable"]
[Result "1-0"]
[WhiteElo "2069"]
[BlackElo "2016"]

1. d4 d5 2. Nf3 Nf6 3. e3 c5 4. dxc5 Qa5+ 5. Nc3 e6 6. Bd2 Qxc5 7. Bd3 Nc6 8.
O-O Qb6 9. Qe2 Be7 10. a3 O-O 11. e4 dxe4 12. Nxe4 Nxe4 13. Bxe4 Bd7 14. Qd3 f5
15. Qxd7 fxe4 16. Qxe6+ Rf7 17. Qxe4 Raf8 18. Bc3 Rf4 19. Qe6+ Kh8 20. Rae1 Bc5
21. b4 Be7 22. Nd4 Rxd4 23. Bxd4 Qxd4 24. b5 Bh4 25. Qf7 Rg8 26. bxc6 bxc6 27.
Re8 Bxf2+ 28. Kh1 1-0

[Event "Challenge"]
[Site "http://www.queenalice.com/game.php?id=299001"]
[Date "2007.11.6"]
[Round "-"]
[White "Cartucho"]
[Black "jimwilson"]
[Result "0-1"]
[WhiteElo "1812"]
[BlackElo "2015"]

1. c4 e5 2. e4 Nc6 3. Nc3 Bc5 4. Nf3 d6 5. d3 Bg4 6. Be2 Nf6 7. Bg5 h6 8. Bd2
Bxf3 9. Bxf3 O-O 10. Qc1 Nd4 11. h3 Nd7 12. Bg4 Nf6 13. O-O Nxg4 14. hxg4 Qh4
15. Qd1 c6 16. Ne2 Qxg4 17. Nxd4 Qxd1 18. Raxd1 Bxd4 19. b3 f5 20. exf5 Rxf5 21.
Be3 Bxe3 22. fxe3 Raf8 23. Rxf5 Rxf5 24. d4 e4 25. d5 cxd5 26. cxd5 h5 27. Rd4
Kf7 28. Rc4 Rxd5 29. Rc7+ Kf6 30. Rxb7 Rd1+ 31. Kf2 Rd2+ 32. Kf1 Rxa2 33. Rd7
Ra6 34. b4 Rb6 35. Rxa7 Rxb4 36. Rd7 Rb1+ 37. Kf2 Rb2+ 38. Kf1 Rd2 39. Rd8 Kg5
40. Re8 d5 41. Re5+ Kg4 42. Ke1 Rxg2 43. Rxd5 h4 44. Kf1 Rb2 45. Re5 Kf3 0-1

[Event "Challenge"]
[Site "http://www.queenalice.com/game.php?id=299521"]
[Date "2007.11.7"]
[Round "-"]
[White "Joe_Boyd"]
[Black "jimwilson"]
[Result "1-0"]
[WhiteElo "1818"]
[BlackElo "2083"]

1. e4 c6 2. d4 d5 3. e5 c5 4. Nf3 Bf5 5. dxc5 e6 6. Nd4 Bg6 7. Be3 Nc6 8. Bb5
Qc7 9. f4 Bxc5 10. Nxe6 fxe6 11. Bxc5 a6 12. Bxc6+ Qxc6 13. Qd4 Bxc2 14. Nc3 Nh6
15. O-O Rc8 16. Bb4 Nf5 17. Qf2 Qc4 18. Bd6 Bd3 19. Rfe1 Qd4 20. Rad1 Qxf2+ 21.
Kxf2 Bc4 22. g4 Nxd6 23. exd6 Kd7 24. Re5 Kxd6 25. Ne4+ Ke7 26. Ng5 Rc6 27. b3
h6 28. bxc4 hxg5 29. cxd5 Rc2+ 30. Ke3 gxf4+ 31. Kxf4 g5+ 32. Kxg5 Rg8+ 33. Kf4
Rg6 34. Rxe6+ Rxe6 35. dxe6 Kxe6 36. h4 Rxa2 37. Kg5 b5 38. h5 a5 39. h6 Rh2 40.
Kg6 a4 41. h7 a3 42. Kg7 b4 43. h8=Q Rxh8 44. Kxh8 a2 45. g5 b3 46. g6 b2 47. g7
a1=Q 48. g8=Q+ 1-0

[Event "Challenge"]
[Site "http://www.queenalice.com/game.php?id=309846"]
[Date "2007.11.25"]
[Round "-"]
[White "jimwilson"]
[Black "rdaigle2003"]
[Result "1-0"]
[WhiteElo "2023"]
[BlackElo "1614"]

1. d4 Nf6 2. Nf3 d5 3. e3 Nc6 4. Bd3 e6 5. Nbd2 Bd6 6. e4 dxe4 7. Nxe4 Nxe4 8.
Bxe4 Bd7 9. O-O Qe7 10. c3 O-O-O 11. Re1 f6 12. Be3 a6 13. d5 Ne5 14. Nxe5 Bxe5
15. Qb3 Qd6 16. Rad1 exd5 17. Bxd5 c6 18. Bf7 Bxh2+ 19. Kh1 Qe5 20. Bb6 Qf4 21.
Bxd8 Qh4 22. Rxd7 Bg3+ 23. Kg1 Bxf2+ 24. Kf1 Kxd7 25. Qe6+ Kxd8 26. Qd6+ Kc8 27.
Be6# 1-0

[Event "Challenge"]
[Site "http://www.queenalice.com/game.php?id=309848"]
[Date "2007.11.25"]
[Round "-"]
[White "rdaigle2003"]
[Black "jimwilson"]
[Result "0-1"]
[WhiteElo "1612"]
[BlackElo "2025"]

1. e4 c6 2. Nc3 d5 3. d4 dxe4 4. Nxe4 Nf6 5. Bd3 Qxd4 6. Nxf6+ gxf6 7. Nf3 Qg4
8. O-O Rg8 9. g3 Qh5 10. Re1 Bg4 11. Re3 Nd7 12. Qd2 Bh6 13. Rxe7+ Kxe7 14. Qb4+
c5 15. Qe4+ Kf8 16. Qxh7 Bxf3 17. Bxh6+ Ke7 18. Re1+ Ne5 19. Bc4 Rh8 20. Qd3
Qxh2+ 21. Kf1 Qg2# 0-1

[Event "O Canada"]
[Site "http://www.queenalice.com/game.php?id=336286"]
[Date "2008.1.14"]
[Round "4"]
[White "jimwilson"]
[Black "aknightout"]
[Result "1-0"]
[WhiteElo "2056"]
[BlackElo "2002"]

1. d4 d6 2. Nf3 Nf6 3. Bg5 h6 4. Bxf6 exf6 5. e3 Bf5 6. Bd3 Bxd3 7. Qxd3 Be7 8.
Nbd2 Nc6 9. O-O Qd7 10. Qb5 O-O 11. a3 Rfb8 12. Qh5 f5 13. d5 Ne5 14. Nd4 g6 15.
Qxh6 Ng4 16. Qh3 Kg7 17. e4 Rh8 18. Qc3 Bf6 19. h3 Rh5 20. hxg4 fxg4 21. Rfe1
Rah8 22. Kf1 g5 23. Ke2 g3 24. fxg3 Qg4+ 25. Qf3 Qd7 26. Nf5+ Kg6 27. g4 Qb5+
28. c4 1-0

[Event "Challenge"]
[Site "http://www.queenalice.com/game.php?id=352411"]
[Date "2008.2.11"]
[Round "-"]
[White "jimwilson"]
[Black "littleboo"]
[Result "1/2-1/2"]
[WhiteElo "2083"]
[BlackElo "2010"]

1. d4 d5 2. e3 Bf5 3. c4 e6 4. Nf3 Nc6 5. cxd5 exd5 6. Bb5 a6 7. Ba4 b5 8. Bb3
Bb4+ 9. Bd2 Nf6 10. O-O Bxd2 11. Qxd2 O-O 12. Qc3 Qd6 13. Rc1 Bd7 14. Nbd2 a5
15. a3 a4 16. Bc2 Rfe8 17. Bf5 b4 18. Qd3 Bxf5 19. Qxf5 b3 20. Rc5 Ne7 21. Qe5
Ng6 22. Qxd6 cxd6 23. Rc6 Ne4 24. Rac1 Ra7 25. Nb1 Ne7 26. Rc7 Rxc7 27. Rxc7 Rc8
28. Rxc8+ Nxc8 29. Kf1 Nb6 30. Ne1 Nc4 31. Nd3 g5 32. Ke2 g4 33. Nb4 Nxb2 34.
Nxd5 Kg7 35. Ndc3 Nxc3+ 36. Nxc3 Kf6 37. Kd2 Kf5 38. Kc1 Nd3+ 39. Kd2 Nxf2 40.
Nxa4 h5 41. Nb2 g3 42. hxg3 Kg4 43. a4 Kxg3 44. a5 Ne4+ 45. Kd3 Ng5 46. d5 h4
47. a6 Kxg2 48. a7 h3 49. a8=Q h2 50. Qc8 h1=Q 51. Qg4+ Kh2 52. Qxg5 Qb1+ 53.
Kc3 Qc2+ 54. Kb4 Qxb2 55. Qf4+ Kg2 56. Qg4+ 1/2-1/2

[Event "O Canada"]
[Site "http://www.queenalice.com/game.php?id=387969"]
[Date "2008.4.15"]
[Round "5"]
[White "jimwilson"]
[Black "bobbyfour"]
[Result "0-1"]
[WhiteElo "2106"]
[BlackElo "2192"]

1. d4 Nf6 2. Nf3 g6 3. Bg5 Bg7 4. e3 O-O 5. Nbd2 d6 6. c3 Qe8 7. Bd3 Nbd7 8. e4
e5 9. O-O h6 10. Bh4 Nh5 11. Bg3 Nxg3 12. hxg3 Nb6 13. Re1 Bg4 14. Qb3 a5 15. a4
Qe7 16. dxe5 dxe5 17. Nh2 Be6 18. Qc2 Rfd8 19. Red1 Rd6 20. Nhf1 Rad8 21. Ne3
Rxd3 0-1

[Event "Challenge"]
[Site "http://www.queenalice.com/game.php?id=403989"]
[Date "2008.5.16"]
[Round "-"]
[White "jimwilson"]
[Black "amed66"]
[Result "1-0"]
[WhiteElo "2078"]
[BlackElo "2438"]

1. d4 Nf6 2. Bg5 d5 3. e3 c6 4. Bd3 Bg4 5. Nf3 Nbd7 6. Nbd2 e5 7. dxe5 Nxe5 8.
Be2 Bxf3 9. Nxf3 h6 10. Bh4 Bd6 11. Qd4 Qa5+ 12. c3 Ned7 13. O-O O-O 14. b4 Qc7
15. Rfd1 Rfe8 16. Bg3 Bxg3 17. hxg3 Ne4 18. Nd2 a5 19. a3 Ndf6 20. Bf3 b5 21.
Nb3 a4 22. Nc5 Red8 23. Rac1 g5 24. c4 bxc4 25. Nxe4 Nxe4 26. Bxe4 dxe4 27. Qxc4
Rxd1+ 28. Rxd1 Re8 29. b5 c5 30. Rd5 Rc8 31. Qxa4 c4 32. Qc2 Qa5 33. Qxe4 Qxa3
34. Qg4 Qa8 35. Rd6 1-0

[Event "Challenge"]
[Site "http://www.queenalice.com/game.php?id=403990"]
[Date "2008.5.16"]
[Round "-"]
[White "amed66"]
[Black "jimwilson"]
[Result "1-0"]
[WhiteElo "2429"]
[BlackElo "2080"]

1. c4 c6 2. e4 d5 3. exd5 cxd5 4. d4 Nf6 5. Nc3 e6 6. Nf3 Bb4 7. Bd3 Nc6 8. O-O
dxc4 9. Bxc4 O-O 10. Re1 b6 11. Bf4 Bb7 12. a3 Bd6 13. Ne5 Rc8 14. Nxf7 Rxf7 15.
Bxd6 Qxd6 16. Nb5 Qf4 17. g3 Qb8 18. Bxe6 Rf8 19. f4 Nd8 20. Bxf7+ Nxf7 21. Rc1
g5 22. Nc7 gxf4 23. gxf4 Kh8 24. d5 Rg8+ 25. Kf1 Qd8 26. Qd4 Nh6 27. Re6 Ng4 28.
h3 1-0

[Event "Challenge"]
[Site "http://www.queenalice.com/game.php?id=438169"]
[Date "2008.7.24"]
[Round "-"]
[White "littleboo"]
[Black "jimwilson"]
[Result "1-0"]
[WhiteElo "2005"]
[BlackElo "2096"]

1. e4 d5 2. exd5 Nf6 3. Nf3 Nxd5 4. d4 e6 5. c4 Nf6 6. Be3 Nc6 7. Nc3 Be7 8. Be2
O-O 9. O-O a6 10. Ne5 Nxe5 11. dxe5 Nd7 12. f4 Bc5 13. Bxc5 Nxc5 14. b4 Nd7 15.
Qd4 Qe7 16. c5 a5 17. a3 axb4 18. axb4 Rxa1 19. Rxa1 f6 20. Bc4 f5 21. Ra7 c6
22. Ne2 g6 23. Qa1 Re8 24. Nd4 Nxc5 25. Nxc6 Qd7 26. Nd4 Rd8 27. Ra8 Kf7 28.
bxc5 Qxd4+ 29. Qxd4 Rxd4 30. Rxc8 Rxc4 31. Rc7+ Kg8 32. Re7 Rxc5 33. Rxe6 b5 34.
Rb6 Rc4 35. g3 b4 36. Kf2 Rc2+ 37. Ke3 Rxh2 38. Rxb4 Ra2 39. Rb8+ Kg7 40. Rb7+
Kg8 41. Kd4 Ra3 42. e6 Ra8 43. Ke5 1-0

[Event "Challenge"]
[Site "http://www.queenalice.com/game.php?id=460149"]
[Date "2008.9.8"]
[Round "-"]
[White "jagvg"]
[Black "jimwilson"]
[Result "1-0"]
[WhiteElo "2262"]
[BlackElo "2076"]

1. d4 Nf6 2. c4 e5 3. dxe5 Ne4 4. Nd2 Nc5 5. Ngf3 Nc6 6. Nb3 Nxb3 7. axb3 Bb4+
8. Bd2 Qe7 9. e3 Nxe5 10. Nxe5 Bxd2+ 11. Qxd2 Qxe5 12. Be2 O-O 13. O-O d6 14.
Ra5 Qf6 15. Bf3 c6 16. Rfa1 a6 17. Rd1 Rd8 18. Be4 Be6 19. Qc2 g6 20. Bf3 Rd7
21. b4 d5 22. cxd5 cxd5 23. b5 d4 24. bxa6 Rxa6 25. Rb5 dxe3 26. fxe3 Rxd1+ 27.
Qxd1 b6 28. Rb4 h5 29. Be2 Ra2 30. Rxb6 Qe5 31. Qc1 Kg7 32. Rb5 Qf6 33. Bf3 Ra7
34. Qd1 h4 35. Qd4 Ra1+ 36. Kf2 Qxd4 37. exd4 Rb1 38. d5 Bd7 39. Rb7 Bc8 40. Rb8
Bd7 41. Ke3 1-0

[Event "Challenge"]
[Site "http://www.queenalice.com/game.php?id=608231"]
[Date "2009.6.24"]
[Round "-"]
[White "jimwilson"]
[Black "MikeDoherty"]
[Result "1-0"]
[WhiteElo "2075"]
[BlackElo "2156"]

1. d4 d5 2. e3 Nf6 3. Nf3 Bg4 4. Bd3 e6 5. c3 Bd6 6. Nbd2 O-O 7. e4 dxe4 8. Nxe4
Be7 9. Nxf6+ Bxf6 10. Qc2 Bxf3 11. gxf3 g6 12. Bh6 Bg7 13. Bxg7 Kxg7 14. O-O-O
Nd7 15. h4 h5 16. Rde1 Re8 17. Reg1 Nf8 18. f4 Qf6 19. Qd2 Nh7 20. Qe3 Rad8 21.
Be4 Rb8 22. Rh3 Kh8 23. Rhg3 c6 24. Bd3 Rg8 25. Qe5 Rbc8 26. a4 Qxe5 27. fxe5
Rgd8 28. b4 Nf8 29. Kd2 Kh7 30. Ke3 Nd7 31. Rg5 Kh6 32. Bxg6 fxg6 33. Rxg6+ Kh7
34. Rg7+ Kh8 35. R7g5 Nf8 36. Rxh5+ Nh7 37. Rh6 Re8 38. Rgg6 Rc7 39. Rxe6 Rxe6
40. Rxe6 Kg7 41. f4 Nf8 42. Rd6 Ng6 43. e6 Re7 44. Rd7 Kf6 45. h5 Rxe6+ 46. Kf2
Nxf4 47. Rxb7 Re7 48. Rxe7 Kxe7 49. h6 Kf6 50. b5 cxb5 51. axb5 Nd5 52. c4 Nb6
53. c5 Nd5 54. Kf3 1-0

[Event "Challenge"]
[Site "http://www.queenalice.com/game.php?id=759234"]
[Date "2010.4.11"]
[Round "-"]
[White "jimwilson"]
[Black "horsemen"]
[Result "1-0"]
[WhiteElo "2073"]
[BlackElo "1395"]

1. d4 c6 2. e4 d5 3. exd5 cxd5 4. Nf3 f6 5. Bd3 Nc6 6. Nc3 Qa5 7. O-O e5 8. Re1
Nge7 9. dxe5 d4 10. Ne4 fxe5 11. Nd6+ Kd7 12. Nf7 Rg8 13. N3xe5+ Ke6 14. Bc4+
Kf6 15. Qf3+ Nf5 16. Bg5# 1-0